Diseño en ingeniería mecanica de Shigley (Registro nro. 29239)
[ vista simple ]
| 000 -LÍDER | |
|---|---|
| fixed length control field | 00639nam a22002177a 4500 |
| 003 - IDENTIFICADOR DEL NÚMERO DE CONTROL | |
| control field | ITZ |
| 005 - FECHA Y HORA DE LA ULTIMA TRANSACCIÓN | |
| Campo de control | 20240213103838.0 |
| 008 - ELEMENTOS DE LONGITUD FIJA -- INFORMACIÓN GENERAL | |
| fixed length control field | 240201b |||||||| |||| 00| 0 spa d |
| 020 ## - NÚMERO INTERNACIONAL NORMALIZADO PARA LIBROS | |
| ISBN | 978-1-4562-6756-8 |
| 035 ## - Número de ficha (Janium) | |
| Número de ficha (Janium) | 17624 |
| 041 ## - CÓDIGO DE IDIOMA | |
| Código de idioma para texto/pista de sonido o título separado | spa |
| 050 ## - SIGNATURA TOPOGRAFICA DE LA BIBLIOTECA DEL CONGRESO (LC) | |
| Número de Clasificación | TJ230 |
| Cutter | B83 2019 |
| 082 ## - NUMERO DE CLASIFICACION DECIMAL DEWEY | |
| Número de Clasificación | 621.815 |
| Cutter | B927d 2019 |
| 100 1# - ASIENTO PRINCIPAL--NOMBRE PERSONAL | |
| Nombre personal | Budynas, Richard G. |
| 245 ## - TÍTULO | |
| Título | Diseño en ingeniería mecanica de Shigley |
| Mención de responsabilidad, etc. | Richard G. Budynas. |
| 250 ## - MENCIÓN DE EDICIÓN | |
| Mención de edición | 8 Español. / 10 Ingles. |
| 260 ## - PUBLICACIÓN, DISTRIBUCIÓN, ETC. (PIE DE IMPRENTA) | |
| Lugar de publicación, distribución, etc. | México: |
| Nombre del editor, distribuidor, etc. | Mc Graw Hill Education, |
| Fecha de publicación, distribución, etc. | 2019. |
| 300 ## - DESCRIPCIÓN FÍSICA | |
| Extensión | XXI, 911 p., |
| Otros detalles físicos | il./ |
| Dimensiones | 27 cm. |
| 650 ## - ASIENTO SECUNDARIO DE MATERIA - TERMINO TEMÁTICO | |
| Término temático o nombre geográfico como elemento de entrada | 1. INGENIERIA MECANICA \ 2. DISEÑO DE MAQUINAS |
| 942 ## - TIPO DE MATERIAL (KOHA) | |
| Koha item type | Libros |
| No. biblioteca | No. biblioteca | Número de clasificación | Código de barras/Número de adquisición | Número de copia | Tipo de material | Otras carreras |
|---|---|---|---|---|---|---|
| ÁREA DE ELECTROMECÁNICA | LUIS G. INCLAN | 621.815 B927d 2019 | 54520 | 1 | Libros | LUIS G. INCLAN |
| ÁREA DE ELECTROMECÁNICA | LUIS G. INCLAN | 621.815 B927d 2019 | 54521 | 2 | Libros | LUIS G. INCLAN |
| ÁREA DE INDUSTRIAL | LUIS G. INCLAN | 621.815 B927d 2019 | 54628 | 3 | Libros | LUIS G. INCLAN |
| ÁREA DE INDUSTRIAL | LUIS G. INCLAN | 621.815 B927d 2019 | 54629 | 4 | Libros | LUIS G. INCLAN |
| ÁREA DE INDUSTRIAL | LUIS G. INCLAN | 621.815 B927d 2019 | 54630 | 5 | Libros | LUIS G. INCLAN |
| ÁREA DE INDUSTRIAL | LUIS G. INCLAN | 621.815 B927d 2019 | 54991 | 6 | Libros | LUIS G. INCLAN |
| ÁREA DE INDUSTRIAL | LUIS G. INCLAN | 621.815 B927d 2019 | 54992 | 7 | Libros | LUIS G. INCLAN |
